Europa nach Buchstabe - E - Statistiken

Allgemein
  • Dieses Quiz wurde 60 mal gespielt
  • Das Durchschnittsergebnis liegt bei 14 aus 20
Antwortstatistiken
Hinweis Antwort % Korrekt
Welche Stadt ist Landeshauptstadt von Thüringen? Erfurt
100%
Welches Land gehört seit 2004 zur EU und hat Tallinn als Hauptstadt? Estland
98%
Wie heißt der Zusammenschluss europäischer Staaten seit 1993? Europäische Union / EU
98%
Welcher Fluss fließt durch Dresden und Hamburg? Elbe
96%
Welche Sprache wird in England, Irland und Malta offiziell gesprochen? Englisch
96%
Welche Ruhrgebietsstadt war 2010 Kulturhauptstadt Europas? Essen
96%
Wie nennt man die Bewohner von Estland? Esten
92%
Wie nennt man die europäische Gemeinschaftswährung? Euro
92%
Wie heißt die Hauptstadt Schottlands? Edinburgh
91%
Wie heißt der längste Fluss Spaniens? Ebro
72%
Welcher bekannte Turm ist in Paris zu finden? Eiffelturm
66%
Wie heißt die zweitgrößte Stadt der Niederlande (wichtiger Industriestandort)? Eindhoven
66%
Welche Hafenstadt liegt an der Emsmündung und besitzt einen großen Seehafen? Emden
66%
Wie heißt das Gebirge in Deutschland, das für Schieferbergbau bekannt ist? Eifel
64%
Wie nennt man die Ost-West-Grenze Europas während des Kalten Krieges? Eiserner Vorhang
64%
Wie heißt das europäische Programm für studentischen Austausch? Erasmus
62%
Wie heißt eine europäische Kunstepoche des 19. Jahrhunderts? Expressionismus
32%
nennt man die soziale Gleichstellung in Europa seit dem 20. Jh.? Emanzipation
25%
Wie heißt die Halbinsel im Nordosten Griechenlands? Euböa
21%
Wie nennt man die eiszeitlich geprägten Landschaften Nordeuropas? Endmoränenlandschaft
8%
Keine übereinstimmenden Quizze gefunden
Verteilung der Resultate
Anzahl Personen mit jedem Resultat
Perzentil nach korrekt beantworteten Fragen
Ihre Resultats-Entwicklung
Sie haben dieses Quiz noch nicht gespielt